• 首页
  • 本馆介绍
  • 公告通知
  • 最新文献
  • 馆藏检索
  • 电子资源
  • 读者导购
  • 参考咨询
  • 我的图书馆
  • 登录
  • 详细信息显示
  • 放入我的书架
  • 预约/预借图书
  • 作者相关作品
  • 分类相关作品
  • 丛书相关作品
  • 出版社相关作品

书目信息

  • 表格格式
  • 工作单格式
  • 卡片格式
题名:
收获之神
    
 
作者: 查尔斯 著 ;袁丽琴 译
分册:  
出版信息: 上海   上海科学技术出版社  2004
页数: 16,407页
开本: 20cm
丛书名: KJ书屋
单 册:
中图分类: F471.2
科图分类:
主题词: 植物--基因工程--研究 , 植物 , 基因工程 , 工业经济 , 国际贸易
电子资源:
ISBN: 7-5323-7208-1
000 01308oam2 2200349 450
001 1261577578
005 20121004170751.87
010    @a7-5323-7208-1@dCNY30.00
100    @a20040212d2004 em y0chiy50 ea
101 1  @achi@ceng
102    @aCN@b310000
105    @aa z 000yy
200 1  @a收获之神@Ashou huo zhi shen@e生物技术、财富和食物的未来@f(美)丹尼尔·查尔斯(Daniel Charles)著@g袁丽琴译
210    @a上海@c上海科学技术出版社@d2004
215    @a16,407页@c照片@d20cm
225 2  @aKJ书屋@i生命旋梯书系
306    @a据Daniel Charles 2001年版译出
330    @a该书揭露了导向第一批基因工程食品的残酷的科学竞争以及幕后的商业交易;披露了大西洋两岸展开的旨在打败生物技术企业的运动的秘密。书中还以详实史料记述了科学、商业和政治。
461  0 @12001 @aKJ书屋
462  0 @12001 @a生命旋梯书系
510 1  @aLords of the Harvest@eBiotech, Big Money and the Future of Food@zeng
517 1  @a生物技术、财富和食物的未来@Asheng wu ji shu 、 cai fu he shi wu de wei lai
606 0  @a植物@x基因工程@x研究
606 0  @a植物
606 0  @a基因工程
606 0  @a工业经济
606 0  @a国际贸易
690    @aF471.2@v4
701  0 @c(美)@a查尔斯@Acha er si@c(Charles, Daniel)@4著
702  0 @a袁丽琴@Ayuan li qin@c(生物技术)@4译
801  0 @aCN@bNLC@c20101222
905    @a10447@dF471.2@eJY14
    
    收获之神:生物技术、财富和食物的未来/(美)丹尼尔·查尔斯(Daniel Charles)著/袁丽琴译.-上海:上海科学技术出版社,2004
    16,407页:照片;20cm.-(KJ书屋.生命旋梯书系)
    
    
    ISBN 7-5323-7208-1:CNY30.00
    该书揭露了导向第一批基因工程食品的残酷的科学竞争以及幕后的商业交易;披露了大西洋两岸展开的旨在打败生物技术企业的运动的秘密。书中还以详实史料记述了科学、商业和政治。
●
相关链接 在E读中查询图书 在五车中查询图书 在当当中查询图书 在豆瓣中查询图书


正题名:收获之神     索取号:F471.2/JY14         预约/预借

序号 登录号 条形码 馆藏地/架位号 状态 备注
1 7813913   278139131   学院路分馆/ [索取号:F471.2/JY14] 在馆    
2 7813914   278139140   学院路分馆/ [索取号:F471.2/JY14] 在馆    
3 7813915   278139159   学院路分馆/ [索取号:F471.2/JY14] 在馆    
4 7813916   278139168   学院路分馆/ [索取号:F471.2/JY14] 在馆    
唐山师范学院图书馆 欢迎您!
大连网信软件有限公司© 版权所有